书目信息 |
| 题名: |
剩余价值学说史
|
|
| 作者: | 马克思 著 ;郭大力 译 | |
| 分册: | 第二卷 | |
| 出版信息: | 北京 人民出版社 1975.12 |
|
| 页数: | 688页 | |
| 开本: | 21cm | |
| 丛书名: | ||
| 单 册: | ||
| 中图分类: | A12 | |
| 科图分类: | ||
| 主题词: | 马恩著作--单行本 | |
| 电子资源: | ||
| ISBN: | ||
| 000 | 00572nam0 2200205 45 | |
| 001 | 0181023471 | |
| 005 | 20070713100313.87 | |
| 010 | @dCNY1.95@b精装 | |
| 091 | @a1001.1113 | |
| 100 | @a20810111d km y0chiy0120 ea | |
| 101 | 0 | @achi |
| 200 | 1 | @a剩余价值学说史@ASheng Yu Jia Zhi Xue Shuo Shi@h第二卷@f马克思著@FMa KeSi Zhu@g郭大力译 |
| 210 | @a北京@c人民出版社@d1975.12 | |
| 215 | @a688页@d21cm | |
| 606 | 0 | @a马恩著作@x单行本 |
| 690 | @aA12@v3 | |
| 701 | 0 | @a马克思@4著 |
| 702 | 0 | @a郭大力@AGuo Da Li@4译 |
| 801 | @aCN@bTSTC@c20070713 | |
| 905 | @dA12@e21:2@f1@b8170 | |
| 剩余价值学说史.第二卷/马克思著/郭大力译.-北京:人民出版社,1975.12 |
| 688页;21cm |
| ISBN (精装):CNY1.95 |
| ● |
| 相关链接 |
|
|
|
|
正题名:剩余价值学说史
索取号:A12/21:2
 
预约/预借
| 序号 | 登录号 | 条形码 | 馆藏地/架位号 | 状态 | 备注 |
| 1 | 0008170 | 002045450 | 第一样本阅览室/ [索取号:A12/21:2] | 在馆 | |
| 2 | 0170444 | 000949549 | 第一借阅区/ [索取号:A12/21:2] | 在馆 | |
| 3 | 0770109 | 207701094 | 密集书库/ [索取号:A12/21:2] | 在馆 |